Sistema de Indicadores Sociales /
Se exponen los contenidos del Sistema de Indicadores Sociales (SIS), sus objetivos, algunas reflexiones teórico-conceptuales, las fuentes de información utilizadas y algunas consideraciones sobre el procesamiento y uso de los indicadores. Presenta un breve resumen de la situación general de Costa R...
Na minha lista:
| Formato: | Livro |
|---|---|
| Idioma: | Spanish |
| Publicado em: |
San José, Costa Rica:
MIDEPLAN,
1988
|
| Assuntos: | |
| Tags: |
Adicionar Tag
Sem tags, seja o primeiro a adicionar uma tag!
|
MARC
| LEADER | 00000nam a22000007a 4500 | ||
|---|---|---|---|
| 003 | cru CIDCACS/IIS | ||
| 005 | 20200325165833.0 | ||
| 007 | ta | ||
| 008 | 200325s1988 cr |||||r||||||0| ||spa|| | ||
| 999 | |c 43025 |d 43025 | ||
| 040 | |c cru CIDCACS/IIS | ||
| 245 | 0 | |a Sistema de Indicadores Sociales / |c MIDEPLAN | |
| 260 | |a San José, Costa Rica: |b MIDEPLAN, |c 1988 | ||
| 300 | |a 48 páginas | ||
| 520 | |a Se exponen los contenidos del Sistema de Indicadores Sociales (SIS), sus objetivos, algunas reflexiones teórico-conceptuales, las fuentes de información utilizadas y algunas consideraciones sobre el procesamiento y uso de los indicadores. Presenta un breve resumen de la situación general de Costa Rica en los últimos años vista a través de los indicadores económicos y socio-demográficos, con el fin de ubicar el contexto que atraviesa el país en este momento y a su vez, destacar la importancia de contar con indicadores confiables y oportunos. En cuanto a la situación del país se apunta que, luego de la crisis de 1980-82, a pesar de que el país tiende a estabilizarse, aún hay importantes sectores sin poder satisfacer sus necesidades, lo cual se muestra en la presión sobre los proyectos destinados a facilitar la adquisición de vivienda, tierra, alimentos, medicamentos y educación. Al establecer el SIS en MIDEPLAN, se pretende homogeneizar e integrar los principales indicadores sociales que se encuentran disponibles en las instituciones públicas; y su desarrollo debe estar dirigido a brindar información y metodologías de análisis que fundamenten los diagnósticos del sector educación, salud, vivienda, sector trabajo y seguridad social, del gasto público y sensibles a la crisis. EB/JM | ||
| 650 | 0 | |9 2165 |a CONDICIONES ECONOMICAS | |
| 650 | 0 | |9 5320 |a INDICADORES DEMOGRÁFICOS | |
| 650 | 0 | |9 944 |a EDUCACION | |
| 650 | 4 | |9 1845 |a SEGURIDAD SOCIAL | |
| 650 | 0 | |9 242 |a GASTOS PUBLICOS | |
| 650 | 0 | |9 2454 |a INDICADORES DE SALUD | |
| 650 | 0 | |9 2105 |a INDICADORES SOCIALES | |
| 650 | 0 | |9 861 |a VIVIENDA | |
| 651 | 0 | |9 32 |a COSTA RICA | |
| 942 | |2 ddc |c PP | ||
| 773 | 0 | |0 42387 |9 4500 |d San José, Costa Rica: MIDEPLAN, 1985- |o MFN: 0250 |t Sistema de Indicadores Sociales / | |
